Country Logic Puzzle by Scambigol #43 - Statistics

General Stats
  • This quiz has been taken 224 times
  • The average score is 59 of 156
Answers on the Map
Answers color-coded by a green-red scale on the quiz's map according to % correct below.
 
Answer Stats
Country % Correct
Ecuador
58%
Peru
58%
Argentina
56%
Chile
56%
Bolivia
53%
France
53%
Brazil
52%
Italy
50%
Guyana
48%
Venezuela
48%
Benin
47%
Uganda
47%
Austria
46%
Colombia
46%
Israel
46%
Kenya
46%
Somalia
46%
Suriname
46%
DR Congo
44%
Slovenia
44%
China
43%
Costa Rica
43%
Egypt
43%
Germany
43%
Mozambique
43%
Panama
43%
Poland
43%
Tanzania
43%
Belgium
42%
Canada
42%
Czech Republic
42%
Luxembourg
42%
Malawi
42%
Nicaragua
42%
Rwanda
42%
Sudan
42%
United States
42%
Albania
41%
Denmark
41%
Guatemala
41%
Mexico
41%
Ukraine
41%
Uruguay
41%
Bangladesh
40%
Burkina Faso
40%
Cambodia
40%
Cameroon
40%
Croatia
40%
El Salvador
40%
Eritrea
40%
Eswatini
40%
Greece
40%
Honduras
40%
India
40%
Indonesia
40%
Kosovo
40%
Laos
40%
Malaysia
40%
Mongolia
40%
Myanmar
40%
Nepal
40%
Netherlands
40%
North Korea
40%
North Macedonia
40%
Romania
40%
Russia
40%
South Korea
40%
Thailand
40%
Vietnam
40%
Belarus
39%
Belize
39%
Brunei
39%
Burundi
39%
Estonia
39%
Hungary
39%
Latvia
39%
Papua New Guinea
39%
Serbia
39%
Slovakia
39%
South Africa
39%
Spain
39%
Zambia
39%
Andorra
38%
Bosnia and Herzegovina
38%
Bulgaria
38%
Djibouti
38%
East Timor
38%
Ethiopia
38%
Lesotho
38%
Montenegro
38%
Nigeria
38%
Portugal
38%
South Sudan
38%
Zimbabwe
38%
Angola
37%
Botswana
37%
Central African Republic
37%
Ireland
37%
Ivory Coast
37%
Liechtenstein
37%
Lithuania
37%
Moldova
37%
Monaco
37%
Namibia
37%
Rep. of the Congo
37%
United Kingdom
37%
Finland
36%
Georgia
36%
Saudi Arabia
36%
Switzerland
36%
Turkey
36%
Bhutan
34%
Chad
34%
Ghana
34%
Iraq
34%
Kuwait
34%
Norway
34%
Oman
34%
Paraguay
34%
Sweden
34%
Syria
34%
Togo
34%
United Arab Emirates
34%
Yemen
34%
Equatorial Guinea
33%
Gabon
33%
Qatar
33%
Armenia
32%
Lebanon
32%
Libya
32%
Morocco
32%
Tajikistan
32%
Iran
29%
Afghanistan
28%
Jordan
28%
Mauritania
28%
Pakistan
28%
San Marino
28%
Senegal
28%
Turkmenistan
28%
Uzbekistan
28%
Vatican City
28%
Algeria
27%
Azerbaijan
27%
Gambia
27%
Guinea
27%
Guinea-Bissau
27%
Liberia
27%
Mali
27%
Sierra Leone
27%
Dominican Republic
22%
Haiti
22%
Kazakhstan
20%
Kyrgyzstan
20%
Tunisia
18%
Niger
17%
No matching quizzes found
Score Distribution
Percent of People with Each Score
Percentile by Number Answered
Your Score History
You have not taken this quiz